Nihon Kyōsantō Chūō Iinkai Sōkai ketsugishū : Dai 9-kai Tō Taikai.
Saved in:
| Corporate Author: | |
|---|---|
| Format: | Book |
| Language: | Japanese |
| Published: |
Tōkyō :
Nihon Kyōsantō Chūō Iinkai Shuppankyoku,
1975
|
| Edition: | Shohan. |
| Subjects: | |
| Tags: |
Add Tag
No Tags, Be the first to tag this record!
|
| LEADER | 01585nam a2200289 a 4500 | ||
|---|---|---|---|
| 001 | 007748470-3 | ||
| 005 | 20024617121422.0 | ||
| 008 | 951218s1975 ja 000 0 jpn d | ||
| 010 | |a 75809700 /J | ||
| 035 | 0 | |a ocm34030366 | |
| 040 | |a *CGU* |c *CGU* |d *YNH* |d CStRLIN | ||
| 050 | 0 | |a JQ1698.K9 |b A75 1975 | |
| 110 | 2 | |6 880-01 |a Nihon Kyōsantō. |b Chūō Iinkai. | |
| 245 | 1 | 0 | |6 880-02 |a Nihon Kyōsantō Chūō Iinkai Sōkai ketsugishū : |b Dai 9-kai Tō Taikai. |
| 250 | |6 880-03 |a Shohan. | ||
| 260 | |6 880-04 |a Tōkyō : |b Nihon Kyōsantō Chūō Iinkai Shuppankyoku, |c 1975 |g (1978 printing) | ||
| 300 | |a 238 p. ; |c 19 cm. | ||
| 500 | |6 880-05 |a "Daiikkai Chūō Iinkai Sōkai (1964-nen 11-gatsu 30-nichi--12-gatsu 1-nichi) kara Daihakkai Chūō Iinkai Sōkai (19666-nen 10-gatsu 22-nichi) made no kaku Chūō Iinkai Sōkai de kettei o mita ketsugi to, Shokikyoku komunike o osameta mono." | ||
| 610 | 2 | 0 | |6 880-06 |a Nihon Kyōsantō |x Congresses. |
| 880 | 2 | |6 110-01 |a 日本共産党. |b 中央委員会. | |
| 880 | 1 | 0 | |6 245-02 |a 日本共産党中央委員会総会決議集 : |b 第9回党大会. |
| 880 | |6 250-03 |a 初版. | ||
| 880 | |6 260-04 |a 東京 : |b 日本共産党中央委員会出版局, |c 1975 |g (1978 printing) | ||
| 880 | |6 500-05 |a "第一回中央委員会総会(一九六四年十一月三十日--十二月一日) から第八回中央委員会総会(一九六六年十月二十二日) までの各中央委員会総会で決定をみた決議と, 書記局コミュニケをおさめたもの." | ||
| 880 | 2 | 0 | |6 610-06 |a 日本共産党 |x Congresses. |
| 988 | |a 20021220 | ||
| 906 | |0 OCLC | ||


